000 00281nam a22001217a 4500
003 SGT
082 _a610
_bRAW
100 _aRAWAL , KUNAL
245 _aHEALTH SPECTRUM AN OVERVIEW OF HEALTH CARE SYSTEM IN INDIA
260 _aBHOPAL
_bNITYA
_c2023
300 _a95
942 _2ddc
_cBK
999 _c25193
_d25193